| 000 | 00530nam a22001817a 4500 | ||
|---|---|---|---|
| 003 | LK-CoDNM | ||
| 005 | 20241216132625.0 | ||
| 008 | 241212b |||||||| |||| 00| 0 eng d | ||
| 022 | _aS | ||
| 040 |
_aLK-CoDNM _dLK-CoDNM _eLK-CoDNM |
||
| 041 | _asin | ||
| 080 |
_aX34 _bඋඩර |
||
| 245 |
_aKANDYAN PEASANTRY COMMISSION QUESTIONNAIRE _b1949 |
||
| 246 | _aඋඩරට ගොවිජන කොමිශන් සභාව 1949 | ||
| 300 | _a18P. ; 22 CM | ||
| 650 | _aපුරාතණ පද්ය | ||
| 942 | _cBK | ||
| 999 |
_c233331 _d233331 |
||